[Event "DVM U16 2022"]
[Site "Darmstadt GER"]
[Date "2022.12.29"]
[Round "6"]
[White "Rohm, Linus"]
[Black "Tomasjan, Samuel"]
[Result "1/2-1/2"]
[Termination "normal"]
[Board "2.2"]
[WhiteElo "1854"]
[BlackElo "1796"]
[WhiteClock "00:50:03"]
[BlackClock "00:14:26"]
[WhiteTeam "SchachAkademiePaderborn e. V."]
[BlackTeam "Schachfreunde Brackel 1930 e. V."]
[PlyCount "116"]
[WhiteFideId "16298217"]
[BlackFideId "16235584"]
[EventCountry "GER"]
[EventRounds "7"]
[EventType "team-swiss"]
[EventDate "2022.12.26"]

1. d4 {[%clk 1:30:43]} d5 {[%clk 1:30:56]} 2. c4 {[%clk 1:31:02]} e6 {[%clk
1:31:21]} 3. Nc3 {[%clk 1:31:00]} Nf6 {[%clk 1:31:21]} 4. cxd5 {[%clk 1:30:50]}
exd5 {[%clk 1:31:35]} 5. Bg5 {[%clk 1:30:52]} c6 {[%clk 1:32:00]} 6. e3 {[%clk
1:30:14]} Be7 {[%clk 1:29:36]} 7. Bd3 {[%clk 1:30:08]} O-O {[%clk 1:28:58]} 8.
Qc2 {[%clk 1:29:37]} h6 {[%clk 1:28:59]} 9. Bh4 {[%clk 1:29:54]} Re8 {[%clk
1:28:21]} 10. Nge2 {[%clk 1:29:26]} Ne4 {[%clk 1:26:40]} 11. Bxe7 {[%clk
1:29:41]} Qxe7 {[%clk 1:27:00]} 12. Bxe4 {[%clk 1:30:01]} dxe4 {[%clk 1:27:22]}
13. Ng3 {[%clk 1:26:46]} f5 {[%clk 1:24:55]} 14. O-O {[%clk 1:24:05]} b6 {[%clk
1:15:59]} 15. Rfe1 {[%clk 1:20:09]} g6 {[%clk 1:13:18]} 16. Nce2 {[%clk
1:14:16]} Ba6 {[%clk 1:10:03]} 17. Rac1 {[%clk 1:11:15]} Qf7 {[%clk 1:05:52]}
18. b4 {[%clk 1:04:41]} Bd3 {[%clk 1:01:09]} 19. Qd2 {[%clk 1:04:38]} a5 {[%clk
0:59:19]} 20. Nf4 {[%clk 1:02:46]} Bb5 {[%clk 0:54:53]} 21. a3 {[%clk 0:51:11]}
g5 {[%clk 0:44:11]} 22. Nfe2 {[%clk 0:50:38]} axb4 {[%clk 0:40:16]} 23. axb4
{[%clk 0:50:00]} Ra2 {[%clk 0:36:29]} 24. Rc2 {[%clk 0:48:26]} Rxc2 {[%clk
0:36:05]} 25. Qxc2 {[%clk 0:48:54]} Na6 {[%clk 0:35:55]} 26. Qc3 {[%clk
0:47:26]} f4 {[%clk 0:32:38]} 27. exf4 {[%clk 0:47:03]} gxf4 {[%clk 0:32:55]}
28. Nf1 {[%clk 0:47:04]} Nc7 {[%clk 0:15:35]} 29. Qh3 {[%clk 0:43:32]} Kh7
{[%clk 0:14:25]} 30. g3 {[%clk 0:38:06]} Nd5 {[%clk 0:12:43]} 31. Nxf4 {[%clk
0:37:08]} Nxf4 {[%clk 0:11:59]} 32. gxf4 {[%clk 0:37:28]} Bxf1 {[%clk 0:09:59]}
33. Kxf1 {[%clk 0:37:18]} Qc4 {[%clk 0:06:59]} 34. Kg2 {[%clk 0:35:41]} Qxd4
{[%clk 0:04:48]} 35. Qf5 {[%clk 0:35:00]} Kh8 {[%clk 0:04:59]} 36. Qh5 {[%clk
0:33:32]} Rg8 {[%clk 0:05:10]} 37. Kh1 {[%clk 0:30:20]} Qf6 {[%clk 0:05:14]}
38. Qe5 {[%clk 0:30:31]} Qxe5 {[%clk 0:02:31]} 39. fxe5 {[%clk 0:31:00]} Rg4
{[%clk 0:01:35]} 40. h3 {[%clk 0:30:11]} Rf4 {[%clk 0:01:27]} 41. Kg2 {[%clk
0:28:34]} Kg7 {[%clk 0:01:13]} 42. Rc1 {[%clk 0:26:22]} e3 {[%clk 0:27:37]} 43.
fxe3 {[%clk 0:56:34]} Rxb4 {[%clk 0:27:32]} 44. Rxc6 {[%clk 0:56:57]} Re4
{[%clk 0:24:58]} 45. Kf3 {[%clk 0:54:52]} Rxe5 {[%clk 0:23:50]} 46. Rxb6 {[%clk
0:55:08]} Rh5 {[%clk 0:23:12]} 47. Kg4 {[%clk 0:55:10]} Rg5 {[%clk 0:23:19]}
48. Kh4 {[%clk 0:54:30]} Re5 {[%clk 0:22:43]} 49. Rb3 {[%clk 0:54:42]} Rg5
{[%clk 0:21:32]} 50. e4 {[%clk 0:54:50]} Kf6 {[%clk 0:18:19]} 51. Rb6 {[%clk
0:53:57]} Kg7 {[%clk 0:15:05]} 52. Re6 {[%clk 0:54:07]} Kf7 {[%clk 0:13:19]}
53. Ra6 {[%clk 0:53:24]} Re5 {[%clk 0:13:14]} 54. Rxh6 {[%clk 0:48:57]} Rxe4
{[%clk 0:13:38]} 55. Kg5 {[%clk 0:49:11]} Re5 {[%clk 0:13:46]} 56. Kf4 {[%clk
0:49:30]} Kg7 {[%clk 0:13:41]} 57. Ra6 {[%clk 0:49:42]} Re7 {[%clk 0:14:05]}
58. h4 {[%clk 0:50:03]} Rb7 {[%clk 0:14:26]} 1/2-1/2

[Event "DVM U16 2022"]
[Site "Darmstadt GER"]
[Date "2022.12.29"]
[Round "6"]
[White "Kasapchuk, Oleksandr Jr."]
[Black "Gering, Jakob"]
[Result "1/2-1/2"]
[Termination "normal"]
[Board "2.3"]
[WhiteElo "1650"]
[BlackElo "1539"]
[WhiteClock "00:03:07"]
[BlackClock "00:04:04"]
[WhiteTeam "Schachfreunde Brackel 1930 e. V."]
[BlackTeam "SchachAkademiePaderborn e. V."]
[PlyCount "47"]
[WhiteFideId "14197596"]
[BlackFideId "16298225"]
[EventCountry "GER"]
[EventRounds "7"]
[EventType "team-swiss"]
[EventDate "2022.12.26"]

1. e4 {[%clk 1:30:59]} d5 {[%clk 1:30:56]} 2. exd5 {[%clk 1:31:24]} Qxd5 {[%clk
1:31:22]} 3. Nc3 {[%clk 1:31:50]} Qd6 {[%clk 1:31:45]} 4. d4 {[%clk 1:30:53]}
a6 {[%clk 1:32:10]} 5. Nf3 {[%clk 1:26:05]} Nf6 {[%clk 1:31:54]} 6. g3 {[%clk
1:11:56]} Bg4 {[%clk 1:32:08]} 7. Bg2 {[%clk 1:12:05]} Nc6 {[%clk 1:28:53]} 8.
Be3 {[%clk 1:06:25]} O-O-O {[%clk 1:25:31]} 9. h3 {[%clk 0:52:11]} Bxf3 {[%clk
1:18:40]} 10. Qxf3 {[%clk 0:52:27]} Qb4 {[%clk 1:17:56]} 11. O-O-O {[%clk
0:51:58]} e6 {[%clk 1:05:19]} 12. Rhe1 {[%clk 0:35:53]} Qa5 {[%clk 0:59:00]}
13. Rd3 {[%clk 0:30:48]} Bb4 {[%clk 0:44:53]} 14. Qe2 {[%clk 0:18:46]} Bxc3
{[%clk 0:30:23]} 15. Rxc3 {[%clk 0:17:42]} Nxd4 {[%clk 0:26:01]} 16. Bxd4
{[%clk 0:05:41]} Rxd4 {[%clk 0:25:21]} 17. Ra3 {[%clk 0:05:36]} Ra4 {[%clk
0:15:58]} 18. Rxa4 {[%clk 0:04:33]} Qxa4 {[%clk 0:15:53]} 19. Qf3 {[%clk
0:04:49]} c6 {[%clk 0:10:07]} 20. a3 {[%clk 0:04:58]} Rd8 {[%clk 0:09:43]} 21.
Rd1 {[%clk 0:02:55]} Rxd1 {[%clk 0:06:59]} 22. Qxd1 {[%clk 0:03:24]} Kc7 {[%clk
0:05:33]} 23. Qd2 {[%clk 0:03:15]} h6 {[%clk 0:04:04]} 24. Qe3 {[%clk 0:03:07]}
1/2-1/2

[Event "DVM U16 2022"]
[Site "Darmstadt GER"]
[Date "2022.12.29"]
[Round "6"]
[White "Bade, Deniz"]
[Black "Römer, Alois"]
[Result "1/2-1/2"]
[Termination "normal"]
[Board "2.4"]
[WhiteElo "1438"]
[BlackElo "1692"]
[WhiteClock "00:36:49"]
[BlackClock "00:15:21"]
[WhiteTeam "SchachAkademiePaderborn e. V."]
[BlackTeam "Schachfreunde Brackel 1930 e. V."]
[PlyCount "102"]
[WhiteFideId "34605959"]
[BlackFideId "16255607"]
[EventCountry "GER"]
[EventRounds "7"]
[EventType "team-swiss"]
[EventDate "2022.12.26"]

1. d4 {[%clk 1:30:52]} d5 {[%clk 1:30:55]} 2. c4 {[%clk 1:31:18]} e6 {[%clk
1:31:03]} 3. Nf3 {[%clk 1:31:42]} Nf6 {[%clk 1:31:29]} 4. g3 {[%clk 1:32:08]}
dxc4 {[%clk 1:31:45]} 5. Bg2 {[%clk 1:32:31]} a6 {[%clk 1:31:55]} 6. O-O {[%clk
1:32:45]} Be7 {[%clk 1:26:53]} 7. Qc2 {[%clk 1:27:28]} O-O {[%clk 1:24:35]} 8.
a4 {[%clk 1:27:51]} Nc6 {[%clk 1:16:38]} 9. Qxc4 {[%clk 1:27:15]} Nd5 {[%clk
1:12:37]} 10. Rd1 {[%clk 1:18:15]} Qd6 {[%clk 1:04:56]} 11. e4 {[%clk 1:14:38]}
Na5 {[%clk 0:54:18]} 12. Qe2 {[%clk 1:14:17]} Nb4 {[%clk 0:53:24]} 13. Bf4
{[%clk 1:13:29]} Qb6 {[%clk 0:51:32]} 14. Nbd2 {[%clk 1:11:17]} c5 {[%clk
0:48:10]} 15. Rdc1 {[%clk 1:06:34]} Nbc6 {[%clk 0:39:51]} 16. dxc5 {[%clk
1:05:29]} Bxc5 {[%clk 0:37:51]} 17. Nc4 {[%clk 0:58:28]} Nxc4 {[%clk 0:35:05]}
18. Rxc4 {[%clk 0:58:52]} Bd7 {[%clk 0:31:53]} 19. Rac1 {[%clk 0:57:53]} Bb4
{[%clk 0:28:22]} 20. Be3 {[%clk 0:55:46]} Qa5 {[%clk 0:25:40]} 21. b3 {[%clk
0:49:19]} e5 {[%clk 0:23:10]} 22. Ne1 {[%clk 0:45:58]} Be6 {[%clk 0:22:37]} 23.
Rxc6 {[%clk 0:41:38]} bxc6 {[%clk 0:21:50]} 24. Nd3 {[%clk 0:41:36]} Rfc8
{[%clk 0:18:24]} 25. Bc5 {[%clk 0:41:04]} Bxc5 {[%clk 0:17:09]} 26. Nxc5 {[%clk
0:40:54]} Re8 {[%clk 0:14:46]} 27. Qc2 {[%clk 0:38:04]} Qb6 {[%clk 0:13:43]}
28. Nxe6 {[%clk 0:35:16]} Rxe6 {[%clk 0:13:46]} 29. Bf1 {[%clk 0:35:05]} Rd6
{[%clk 0:12:27]} 30. Rd1 {[%clk 0:34:21]} Rad8 {[%clk 0:08:27]} 31. Rxd6 {[%clk
0:34:29]} Rxd6 {[%clk 0:08:52]} 32. Bc4 {[%clk 0:30:58]} Qd4 {[%clk 0:06:08]}
33. Bxa6 {[%clk 0:25:24]} Qd1 {[%clk 0:06:14]} 34. Qxd1 {[%clk 0:25:46]} Rxd1
{[%clk 0:06:37]} 35. Kg2 {[%clk 0:25:47]} c5 {[%clk 0:06:26]} 36. Bc4 {[%clk
0:25:27]} Kf8 {[%clk 0:06:09]} 37. h4 {[%clk 0:23:54]} Ke7 {[%clk 0:06:02]} 38.
a5 {[%clk 0:22:51]} Ra1 {[%clk 0:05:05]} 39. a6 {[%clk 0:23:16]} Kd6 {[%clk
0:05:25]} 40. Kf3 {[%clk 0:22:11]} f6 {[%clk 0:04:50]} 41. Ke3 {[%clk 0:16:03]}
Kc7 {[%clk 0:03:41]} 42. h5 {[%clk 0:10:58]} h6 {[%clk 0:29:32]} 43. f3 {[%clk
0:40:17]} Rh1 {[%clk 0:28:02]} 44. g4 {[%clk 0:40:35]} Kb6 {[%clk 0:28:08]} 45.
Kd3 {[%clk 0:40:35]} Rc1 {[%clk 0:25:36]} 46. Kd2 {[%clk 0:39:45]} Ra1 {[%clk
0:23:03]} 47. Kc2 {[%clk 0:37:03]} Ra2 {[%clk 0:20:46]} 48. Kd3 {[%clk
0:37:25]} Rg2 {[%clk 0:18:51]} 49. Ke3 {[%clk 0:36:53]} Rg1 {[%clk 0:19:11]}
50. Ke2 {[%clk 0:36:45]} Rc1 {[%clk 0:15:21]} 51. Kd2 {[%clk 0:36:49]} Ra1
1/2-1/2

[Event "DVM U16 2022"]
[Site "Darmstadt GER"]
[Date "2022.12.29"]
[Round "6"]
[White "Fuhrmann, Bahne"]
[Black "Reichmann, Felix"]
[Result "1/2-1/2"]
[Termination "normal"]
[Board "3.1"]
[WhiteElo "2042"]
[BlackElo "1813"]
[WhiteTeam "Hamburger SK von 1830 eV"]
[BlackTeam "Schachfreunde Nordost Berlin"]
[PlyCount "102"]
[WhiteFideId "16244842"]
[BlackFideId "16238290"]
[EventCountry "GER"]
[EventRounds "7"]
[EventType "team-swiss"]
[EventDate "2022.12.26"]

1. e4 c5 2. Nf3 Nc6 3. d4 cxd4 4. Nxd4 g6 5. c4 Bg7 6. Be3 Qa5 7. Nc3 d6 8. Be2
Nxd4 9. Bxd4 Bxd4 10. Qxd4 Nf6 11. O-O O-O 12. a3 Be6 13. b4 Qb6 14. c5 dxc5
15. bxc5 Qc7 16. Rfc1 Rfd8 17. Qb4 Rac8 18. Nb5 Qb8 19. Rab1 Bd7 20. Nd4 e5 21.
Nb3 b6 22. Ba6 bxc5 23. Qa5 Rc6 24. Nxc5 Rb6 25. Rb4 Rxb4 26. axb4 Qb6 27. Rd1
Qxa5 28. bxa5 Kf8 29. f3 Ke7 30. Rb1 Bc6 31. Nd3 Nd7 32. Rc1 Kd6 33. Nb4 Nb8
34. Bc4 f6 35. Rd1 Kc7 36. Bd5 Bb5 37. Kf2 Rd6 38. Rc1 Kd8 39. Bb7 Bd7 40. Ke3
Be6 41. Nd5 Bd7 42. Nb4 Be6 43. h4 Ke7 44. Bc8 Bd7 45. Nd5 Kd8 46. Bb7 Bc6 47.
Rb1 Bxd5 48. Bxd5 Kc8 49. Rc1 Kd8 50. Rb1 Nd7 51. Kd3 Ra6 1/2-1/2

[Event "DVM U16 2022"]
[Site "Darmstadt GER"]
[Date "2022.12.29"]
[Round "6"]
[White "Gutewort, Paul Emil"]
[Black "Kort, Felix"]
[Result "0-1"]
[Termination "normal"]
[Board "3.2"]
[WhiteElo "1667"]
[BlackElo "1932"]
[WhiteClock "00:40:26"]
[BlackClock "00:06:12"]
[WhiteTeam "Schachfreunde Nordost Berlin"]
[BlackTeam "Hamburger SK von 1830 eV"]
[PlyCount "74"]
[WhiteFideId "16204182"]
[BlackFideId "16220129"]
[EventCountry "GER"]
[EventRounds "7"]
[EventType "team-swiss"]
[EventDate "2022.12.26"]

1. c4 e6 {[%clk 1:30:55]} 2. g3 {[%clk 1:31:14]} d5 {[%clk 1:31:19]} 3. Bg2
{[%clk 1:31:33]} d4 {[%clk 1:31:37]} 4. Nf3 {[%clk 1:31:38]} c5 {[%clk
1:31:55]} 5. e3 {[%clk 1:31:06]} Nc6 {[%clk 1:32:04]} 6. exd4 {[%clk 1:31:21]}
cxd4 {[%clk 1:32:27]} 7. d3 {[%clk 1:31:01]} Nf6 {[%clk 1:32:40]} 8. O-O {[%clk
1:31:08]} h6 {[%clk 1:24:55]} 9. Re1 {[%clk 1:18:56]} Bd6 {[%clk 1:24:23]} 10.
Nbd2 {[%clk 1:17:22]} O-O {[%clk 1:21:07]} 11. Nb3 {[%clk 1:08:36]} e5 {[%clk
1:19:14]} 12. c5 {[%clk 0:58:11]} Bc7 {[%clk 1:18:07]} 13. Nfd2 {[%clk
0:57:25]} Bf5 {[%clk 1:06:56]} 14. Ne4 {[%clk 0:56:14]} Nxe4 {[%clk 0:45:57]}
15. Bxe4 {[%clk 0:56:30]} Bxe4 {[%clk 0:46:19]} 16. Rxe4 {[%clk 0:56:42]} f5
{[%clk 0:46:36]} 17. Re1 {[%clk 0:56:33]} Qd5 {[%clk 0:41:59]} 18. Bd2 {[%clk
0:55:09]} e4 {[%clk 0:35:04]} 19. Qe2 {[%clk 0:50:03]} Rae8 {[%clk 0:28:42]}
20. Bf4 {[%clk 0:43:42]} Bxf4 {[%clk 0:26:48]} 21. gxf4 {[%clk 0:44:07]} Rf6
{[%clk 0:21:41]} 22. Qh5 {[%clk 0:43:53]} Rfe6 {[%clk 0:10:49]} 23. dxe4 {[%clk
0:42:59]} Rxe4 {[%clk 0:11:18]} 24. Rxe4 {[%clk 0:42:19]} Rxe4 {[%clk 0:11:17]}
25. f3 {[%clk 0:41:23]} Re2 {[%clk 0:09:39]} 26. Kh1 {[%clk 0:37:55]} d3 {[%clk
0:08:20]} 27. Rg1 {[%clk 0:37:54]} d2 {[%clk 0:06:18]} 28. Nxd2 {[%clk
0:38:16]} Qxd2 {[%clk 0:06:29]} 29. Qxh6 {[%clk 0:38:41]} Re7 {[%clk 0:05:53]}
30. Rxg7 {[%clk 0:38:46]} Rxg7 {[%clk 0:06:02]} 31. Qe6 {[%clk 0:39:12]} Kf8
{[%clk 0:05:26]} 32. Qf6 {[%clk 0:39:09]} Rf7 {[%clk 0:05:47]} 33. Qh6 {[%clk
0:39:17]} Ke7 {[%clk 0:05:28]} 34. Qg5 {[%clk 0:39:35]} Kd7 {[%clk 0:05:49]}
35. Qg6 {[%clk 0:39:53]} Qd5 {[%clk 0:05:38]} 36. h4 {[%clk 0:40:04]} Qxf3
{[%clk 0:05:47]} 37. Kg1 {[%clk 0:40:26]} Qg4 {[%clk 0:06:12]} 0-1

[Event "DVM U16 2022"]
[Site "Darmstadt GER"]
[Date "2022.12.29"]
[Round "6"]
[White "Tietz, Bennit"]
[Black "Duduka, Artem"]
[Result "1/2-1/2"]
[Termination "normal"]
[Board "3.3"]
[WhiteElo "1688"]
[BlackElo "1602"]
[WhiteClock "00:13:48"]
[BlackClock "00:46:14"]
[WhiteTeam "Hamburger SK von 1830 eV"]
[BlackTeam "Schachfreunde Nordost Berlin"]
[PlyCount "50"]
[WhiteFideId "16286936"]
[BlackFideId "14194805"]
[EventCountry "GER"]
[EventRounds "7"]
[EventType "team-swiss"]
[EventDate "2022.12.26"]

1. e4 {[%clk 1:30:57]} e5 {[%clk 1:30:55]} 2. Nf3 {[%clk 1:31:23]} Nc6 {[%clk
1:31:19]} 3. Bc4 {[%clk 1:31:47]} Nf6 {[%clk 1:31:20]} 4. Nc3 {[%clk 1:30:32]}
Nxe4 {[%clk 1:31:27]} 5. Nxe4 {[%clk 1:29:33]} d5 {[%clk 1:31:49]} 6. Bd3
{[%clk 1:29:34]} dxe4 {[%clk 1:32:13]} 7. Bxe4 {[%clk 1:29:54]} Bd6 {[%clk
1:30:02]} 8. Bxc6 {[%clk 1:23:48]} bxc6 {[%clk 1:30:25]} 9. O-O {[%clk
1:20:17]} O-O {[%clk 1:29:13]} 10. d3 {[%clk 1:18:41]} Bg4 {[%clk 1:27:15]} 11.
h3 {[%clk 1:16:08]} Bh5 {[%clk 1:27:25]} 12. Bd2 {[%clk 1:05:01]} Re8 {[%clk
1:22:43]} 13. Re1 {[%clk 1:03:30]} f5 {[%clk 1:20:10]} 14. Bc3 {[%clk 1:02:37]}
Qd7 {[%clk 1:14:18]} 15. Qe2 {[%clk 0:43:26]} e4 {[%clk 1:09:46]} 16. dxe4
{[%clk 0:43:39]} fxe4 {[%clk 1:07:19]} 17. Qc4 {[%clk 0:43:32]} Qf7 {[%clk
1:01:34]} 18. Qxf7 {[%clk 0:39:42]} Bxf7 {[%clk 1:01:52]} 19. Nd2 {[%clk
0:38:21]} Bd5 {[%clk 0:59:54]} 20. a3 {[%clk 0:29:27]} Re6 {[%clk 0:54:22]} 21.
Bd4 {[%clk 0:21:23]} c5 {[%clk 0:53:46]} 22. Be3 {[%clk 0:19:20]} Rb8 {[%clk
0:51:31]} 23. c4 {[%clk 0:16:26]} Bc6 {[%clk 0:51:11]} 24. b3 {[%clk 0:13:58]}
a5 {[%clk 0:48:03]} 25. Rab1 {[%clk 0:13:48]} h6 {[%clk 0:46:14]} 1/2-1/2

[Event "DVM U16 2022"]
[Site "Darmstadt GER"]
[Date "2022.12.29"]
[Round "6"]
[White "Beck, Felix"]
[Black "Malchereck, Zion"]
[Result "1/2-1/2"]
[Termination "normal"]
[Board "3.4"]
[WhiteElo "1535"]
[BlackElo "1726"]
[WhiteClock "00:08:55"]
[BlackClock "00:25:20"]
[WhiteTeam "Schachfreunde Nordost Berlin"]
[BlackTeam "Hamburger SK von 1830 eV"]
[PlyCount "98"]
[WhiteFideId "16255364"]
[BlackFideId "16269233"]
[EventCountry "GER"]
[EventRounds "7"]
[EventType "team-swiss"]
[EventDate "2022.12.26"]

1. c4 {[%clk 1:30:57]} e6 {[%clk 1:30:34]} 2. g3 {[%clk 1:31:11]} d5 {[%clk
1:30:50]} 3. Bg2 {[%clk 1:31:34]} d4 {[%clk 1:31:13]} 4. Nf3 {[%clk 1:29:53]}
Nf6 {[%clk 1:31:32]} 5. e3 {[%clk 1:27:31]} c5 {[%clk 1:31:28]} 6. exd4 {[%clk
1:27:23]} cxd4 {[%clk 1:31:49]} 7. O-O {[%clk 1:27:18]} Nc6 {[%clk 1:31:56]} 8.
d3 {[%clk 1:27:28]} h6 {[%clk 1:31:59]} 9. Re1 {[%clk 1:15:48]} Bd6 {[%clk
1:31:57]} 10. Nbd2 {[%clk 1:00:04]} O-O {[%clk 1:32:16]} 11. a3 {[%clk
0:39:28]} a5 {[%clk 1:32:32]} 12. Qc2 {[%clk 0:38:30]} e5 {[%clk 1:20:04]} 13.
c5 {[%clk 0:36:28]} Bc7 {[%clk 1:20:27]} 14. Rb1 {[%clk 0:36:34]} Bf5 {[%clk
1:18:39]} 15. b4 {[%clk 0:34:31]} axb4 {[%clk 1:18:49]} 16. axb4 {[%clk
0:34:50]} Nd5 {[%clk 1:18:49]} 17. Ne4 {[%clk 0:24:15]} Ndxb4 {[%clk 1:11:46]}
18. Qe2 {[%clk 0:22:44]} Ra2 {[%clk 0:50:37]} 19. Rb2 {[%clk 0:22:15]} Rxb2
{[%clk 0:50:28]} 20. Bxb2 {[%clk 0:22:34]} Bxe4 {[%clk 0:45:24]} 21. Qxe4
{[%clk 0:22:33]} f5 {[%clk 0:45:40]} 22. Qe2 {[%clk 0:22:44]} Re8 {[%clk
0:36:37]} 23. Nd2 {[%clk 0:22:08]} Qe7 {[%clk 0:18:56]} 24. Nb3 {[%clk
0:19:31]} Kh8 {[%clk 0:15:41]} 25. Ba3 {[%clk 0:18:47]} Rd8 {[%clk 0:14:12]}
26. Bxb4 {[%clk 0:12:19]} Nxb4 {[%clk 0:14:28]} 27. Bxb7 {[%clk 0:06:02]} e4
{[%clk 0:09:48]} 28. Qd2 {[%clk 0:03:30]} Bxg3 {[%clk 0:09:10]} 29. Qxb4 {[%clk
0:03:33]} Bxf2 {[%clk 0:06:28]} 30. Kxf2 {[%clk 0:04:02]} Qh4 {[%clk 0:06:37]}
31. Ke2 {[%clk 0:04:17]} Qxh2 {[%clk 0:06:08]} 32. Kd1 {[%clk 0:04:32]} Qb2
{[%clk 0:04:03]} 33. Qc4 {[%clk 0:02:39]} Qb1 {[%clk 0:01:56]} 34. Nc1 {[%clk
0:00:34]} Qxb7 {[%clk 0:02:07]} 35. c6 {[%clk 0:00:48]} Qc7 {[%clk 0:01:43]}
36. dxe4 {[%clk 0:00:52]} Rc8 {[%clk 0:01:16]} 37. exf5 {[%clk 0:00:34]} Qxc6
{[%clk 0:01:31]} 38. Qxc6 {[%clk 0:00:37]} Rxc6 {[%clk 0:01:59]} 39. Re5 {[%clk
0:00:33]} Kg8 {[%clk 0:01:18]} 40. Nb3 {[%clk 0:00:34]} Kf7 {[%clk 0:01:12]}
41. Rd5 {[%clk 0:00:57]} Rc7 {[%clk 0:00:34]} 42. Nxd4 {[%clk 0:00:45]} g6
{[%clk 0:01:01]} 43. fxg6 {[%clk 0:00:32]} Kxg6 {[%clk 0:29:37]} 44. Nf3 {[%clk
0:08:55]} Ra7 {[%clk 0:28:46]} 45. Ke2 {[%clk 0:09:15]} Ra3 {[%clk 0:27:05]}
46. Kf2 {[%clk 0:09:10]} Kf6 {[%clk 0:26:04]} 47. Rd6 {[%clk 0:08:13]} Ke7
{[%clk 0:25:36]} 48. Rxh6 {[%clk 0:08:34]} Ra2 {[%clk 0:25:14]} 49. Kg3 {[%clk
0:08:55]} Ra4 {[%clk 0:25:20]} 1/2-1/2

[Event "DVM U16 2022"]
[Site "Darmstadt GER"]
[Date "2022.12.29"]
[Round "6"]
[White "Englert, Luca"]
[Black "Buchinger, Alexis"]
[Result "1/2-1/2"]
[Termination "normal"]
[Board "4.1"]
[WhiteElo "1967"]
[BlackElo "1909"]
[WhiteClock "00:34:40"]
[BlackClock "00:50:38"]
[WhiteTeam "VfB Schach Leipzig e.V."]
[BlackTeam "SF Neuberg"]
[PlyCount "89"]
[WhiteFideId "16293088"]
[BlackFideId "16287134"]
[EventCountry "GER"]
[EventRounds "7"]
[EventType "team-swiss"]
[EventDate "2022.12.26"]

1. e4 {[%clk 1:30:53]} e5 {[%clk 1:30:47]} 2. Nf3 {[%clk 1:31:18]} Nc6 {[%clk
1:31:06]} 3. Bc4 {[%clk 1:31:37]} Bc5 {[%clk 1:31:24]} 4. c3 {[%clk 1:32:02]}
Nf6 {[%clk 1:31:47]} 5. d3 {[%clk 1:32:29]} O-O {[%clk 1:32:06]} 6. O-O {[%clk
1:32:55]} d5 {[%clk 1:32:16]} 7. exd5 {[%clk 1:33:11]} Nxd5 {[%clk 1:32:38]} 8.
Re1 {[%clk 1:32:45]} Re8 {[%clk 1:31:20]} 9. Nbd2 {[%clk 1:32:31]} Nb6 {[%clk
1:28:06]} 10. Ne4 {[%clk 1:29:18]} Nxc4 {[%clk 1:25:52]} 11. Nxc5 {[%clk
1:28:38]} Nd6 {[%clk 1:25:49]} 12. Qa4 {[%clk 1:24:48]} Bd7 {[%clk 1:17:59]}
13. Bg5 {[%clk 1:20:15]} f6 {[%clk 1:16:33]} 14. Bh4 {[%clk 1:18:26]} b6 {[%clk
1:12:23]} 15. Nxd7 {[%clk 1:18:29]} Qxd7 {[%clk 1:12:41]} 16. Bg3 {[%clk
1:13:36]} Rad8 {[%clk 1:12:25]} 17. Rad1 {[%clk 1:09:38]} Nd4 {[%clk 1:10:04]}
18. Qxd7 {[%clk 1:09:57]} Nxf3 {[%clk 1:10:23]} 19. gxf3 {[%clk 1:10:23]} Rxd7
{[%clk 1:10:16]} 20. f4 {[%clk 1:10:14]} Nf5 {[%clk 1:08:38]} 21. fxe5 {[%clk
1:10:21]} Nxg3 {[%clk 1:08:43]} 22. hxg3 {[%clk 1:09:17]} Rxe5 {[%clk 1:07:18]}
23. Rxe5 {[%clk 1:09:37]} fxe5 {[%clk 1:07:45]} 24. f3 {[%clk 1:09:16]} Rd6
{[%clk 1:06:47]} 25. Kf2 {[%clk 1:09:26]} Rh6 {[%clk 1:06:09]} 26. Ke3 {[%clk
1:03:40]} Rh2 {[%clk 1:05:47]} 27. Rd2 {[%clk 1:03:51]} Rxd2 {[%clk 1:06:09]}
28. Kxd2 {[%clk 1:04:16]} h5 {[%clk 1:04:58]} 29. Ke3 {[%clk 1:03:57]} Kf7
{[%clk 1:02:56]} 30. Ke4 {[%clk 0:59:16]} Kf6 {[%clk 1:01:58]} 31. b4 {[%clk
0:56:28]} c5 {[%clk 1:00:05]} 32. bxc5 {[%clk 0:41:18]} bxc5 {[%clk 0:59:50]}
33. f4 {[%clk 0:40:08]} exf4 {[%clk 0:59:39]} 34. gxf4 {[%clk 0:39:28]} h4
{[%clk 0:54:22]} 35. d4 {[%clk 0:39:29]} h3 {[%clk 0:54:16]} 36. Kf3 {[%clk
0:39:50]} cxd4 {[%clk 0:54:18]} 37. cxd4 {[%clk 0:40:15]} Ke6 {[%clk 0:54:32]}
38. Kg3 {[%clk 0:40:12]} Kd5 {[%clk 0:54:57]} 39. Kxh3 {[%clk 0:40:33]} Kxd4
{[%clk 0:55:19]} 40. Kg4 {[%clk 0:39:05]} Ke4 {[%clk 0:55:17]} 41. Kg5 {[%clk
0:38:11]} a5 {[%clk 0:55:20]} 42. a4 {[%clk 0:36:43]} Kf3 {[%clk 0:51:41]} 43.
Kf5 {[%clk 0:35:23]} g6 {[%clk 0:51:57]} 44. Kg5 {[%clk 0:35:35]} Ke3 {[%clk
0:50:38]} 45. Kg4 {[%clk 0:34:40]} 1/2-1/2